000 00261nam a22001097a 4500
082 _a621.381 ELE'M
100 _aMAQBOOL, H. KHAN
_975114
245 _aELECTRONIC COMPLETE PRACTICAL TRAINING
260 _aKARACHI
_bKHAWAJA
_c1990
300 _a112P
942 _cBK
999 _c580596
_d580596